000 02816cam a22004694i 4500
003 PE-LiUPU
005 20250731173333.0
008 150706s1979 fl a r 000 0 spa d
020 _a9780829708776
035 _a(Sirsi) i9780829708776
040 _aPE-LiUPU
_bspa
_cPE-LiUPU
_erda
049 _aPRUA
082 0 4 _a253.7
_bB851979
_221
245 0 3 _aLa Brújula para el ministro evangélico :
_bpor 23 destacados dirigentes evangélicos de la América Latina /
_cEditado por Editoria Vida.
264 1 _aMiami, Florida :
_bEditorial Vida,
_c1979.
300 _a323 páginas :
_bilustraciones ;
_c22 centímetros
336 _atext
_2rdacontent
337 _aunmediated
_2rdamedia
338 _avolume
_2rdacarrier
505 0 _aEl ministro ora en privado -- El carácter del ministro -- La mente del ministro -- La salud física del ministro -- El ministro y su hogar -- La esposa del ministro -- Las finanzas personales del ministro -- Las relaciones humanas -- La visitación del ministro -- Asesoramiento espiritual -- La ética ministerial -- El ministro en las reuniones públicas -- El ministro y la música en la iglesia -- El ministro aprovecha los días especiales -- El ministro oficia las ceremonias eclesiásticas -- El ministro, forjador de obreros -- El ministro y la disciplina -- El ministro trabaja con los demás oficiales -- El ministro y la administración de las finanzas -- El ministro anima a la iglesia a evangelizar -- El papel del ministro en el establecimiento de obras nuevas -- El trabajo social de la iglesia visto por el ministro -- El ministro en su comunidad.
526 _aSEG42
526 _aSEG41
526 _aSEG40
526 _aSEG39
526 _aP94
526 _aP87
526 _aP86
526 _aP85
526 _aP77
526 _aP76
526 _aP35
541 _g001-0000594;
650 0 4 _aEvangelismo
_xAmérica Latina
_vExámenes, preguntas, etc.
910 _agl
_bjv
_clch
_d20121003
942 _2ddc
_cBOOK
949 _a253.7 B85 1979
_wDEWEY
_c1
_i65446
_d2015-8-31
_e2015-8-24
_lCCODEBUL1
_mBUL
_n1
_p30.00
_r0
_sY
_tBOOK
_u2015-7-6
_xTEOLOGIA
_PP35
_0COMPRA
_o.STAFF. Colección Teología
949 _a253.7 V63
_wDEWEY
_c1
_i21105
_lCCODEBUL1
_mBUL
_r0
_sY
_tBOOK
_u2015-6-16
_xTEOLOGIA
_zUNKNOWN
_0COMPRA
_o.STAFF. Colección Teología
994 _aC0
_bPEPRU
596 _a1
999 _a253.7 V63
_wDEWEY
_c48516
_i21105
_f2021-11-12
_g5
_lCCODEBUL1
_mBUL
_p13.00
_r0
_sY
_tBOOK
_u2015-6-16
_xTEOLOGIA
_PP35
_0COMPRA
_o.STAFF. Colección Teología
_d48516
999 _a253.7 B85 1979
_wDEWEY
_c1
_i65446
_d2019-4-7
_e2019-4-2
_f2021-11-10
_g5
_lCCODEBUL1
_mBUL
_n3
_p30.00
_r0
_sY
_tBOOK
_u2015-7-6
_xTEOLOGIA
_PP35
_0COMPRA
_o.STAFF. Colección Teología
980 _81
_gALBERTO SANCHEZ Responsable de Automatización